| 000 | 00535nam a22001817a 4500 | ||
|---|---|---|---|
| 003 | CEME | ||
| 005 | 20210628210132.0 | ||
| 008 | 210215b xxu||||| |||| 00| 0 eng d | ||
| 020 | _a81-7635-266-7 | ||
| 040 | _c. | ||
| 082 | _a33611 VAN | ||
| 100 |
_aSteven, Anthony Vanvalkenburgh, Jason _978236 |
||
| 245 | _aSams teach yourself microsoft exchange server 5.5 in 21 days | ||
| 260 |
_aNEW DELHI _bTECHMEDIA _c1999 |
||
| 300 | _aXVII,982P | ||
| 650 |
_aMICROSOFT EXCHANGE SERVER 5.5 EXCHANGE SERVER 5.5 _978237 |
||
| 942 |
_cBK _2ddc |
||
| 999 |
_c583391 _d583391 |
||